000 00813na a2200253 4500
001 13128
003 MIRAKIL
005 20181213155000.0
008 160929b tu 000 0
020 _a9757363588
035 _a13128
040 _aMilas
_btur
_cTR-AnCHP
082 _a302.12
_bK94i 2006
090 _a302.12 K942 2006
111 _aKültür Kongresi
_cİzmir
_d2000
_n2
245 _a2. Kültür Kongresi
_bbarış kültürü
_b16 - 18 Ekim 2000, İzmir
_cyayıma hazırlayan Melda Bağdatlı
260 _aİstanbul
_bİstanbul Kültür Sanat Vakfı
_c2006
300 _a308 s.
_c24 sm.
650 _aKültür kongreleri
_xToplumsal anlayış
650 _aToplumsal yaşam
_xBarış
_yToplantılar
650 _aBarış kültürü
_xTürkiye
700 _aBağdatlı, Melda
942 _2ddc
_cBKS
999 _c4286
_d4286